[Event "46th Capablanca Memorial Open B"]
[Site "Havana CUB"]
[Date "2011.05.17"]
[Round "6.39"]
[White "Bravo Navarro, Wilson"]
[Black "Gonzalez Ochoa, Yoana"]
[Result "1-0"]
[WhiteElo "1955"]
[BlackElo "2053"]
[WhiteFideId "3605680"]
[BlackFideId "3507629"]
[EventDate "2011.05.11"]

1. e4 e5 2. Nf3 Nc6 3. Bb5 a6 4. Ba4 Nf6 5. O-O b5 6. Bb3 Be7 7. Re1 d6 8. c3
O-O 9. h3 Na5 10. Bc2 c5 11. d4 Qc7 12. b3 Bd7 13. Nbd2 cxd4 14. cxd4 Rac8 15.
b4 Nc6 16. Bb3 Nxb4 17. Ba3 Nc6 18. Rc1 Qa5 19. dxe5 Qxa3 20. exf6 Bxf6 21. e5
Nxe5 22. Rxc8 Rxc8 23. Ne4 Be6 24. Nxf6+ gxf6 25. Nxe5 dxe5 26. Bxe6 fxe6 27.
Qd7 Rf8 28. Re3 Qc1+ 29. Kh2 Kh8 30. Qe7 Rg8 31. Qxf6+ Rg7 32. Rg3 Qc7 1-0

[Event "46th Capablanca Memorial Open B"]
[Site "Havana CUB"]
[Date "2011.05.17"]
[Round "6.40"]
[White "Rodriguez Caballero, Mayrelis"]
[Black "Brito Valdes, Santiago Jose"]
[Result "1/2-1/2"]
[WhiteElo "2034"]
[BlackElo "1958"]
[WhiteFideId "3514072"]
[BlackFideId "3515478"]
[EventDate "2011.05.11"]

1. f4 d5 2. d4 e6 3. Nf3 f5 4. e3 Nf6 5. Bd3 Bd6 6. O-O O-O 7. Ne5 Nbd7 8. Nd2
Ne4 9. Ndf3 Ndf6 10. c3 c6 11. Bd2 Bd7 12. Be1 Be8 13. Bh4 Bh5 1/2-1/2

[Event "46th Capablanca Memorial Open B"]
[Site "Havana CUB"]
[Date "2011.05.17"]
[Round "6.41"]
[White "Gonzalez Vega, Alejandro"]
[Black "Varela La Madrid, Tilsia Carolin"]
[Result "1-0"]
[WhiteTitle "FM"]
[WhiteElo "2218"]
[BlackElo "2044"]
[WhiteFideId "3510042"]
[BlackFideId "3903001"]
[EventDate "2011.05.11"]

1. d4 d5 2. c4 c6 3. Nc3 Nf6 4. e3 Bf5 5. cxd5 cxd5 6. Qb3 Qd7 7. Bb5 Nc6 8. Nf3
e6 9. Ne5 Qc7 10. Qa4 Rc8 11. Qxa7 Bd6 12. Nxc6 bxc6 13. Qxc7 Rxc7 14. Be2 O-O
15. Bd2 Rb8 16. b3 Ra7 17. O-O Rba8 18. Na4 Ne4 19. Be1 h6 20. f3 Nf6 21. Bd2 e5
22. Rac1 Bd7 23. Bc3 e4 24. f4 Be8 25. Rc2 Kf8 26. Rf2 Nd7 27. Bg4 Rb7 28. Bxd7
Bxd7 29. h3 Be8 30. Be1 Be7 31. g3 Bd7 32. Kg2 1-0

[Event "46th Capablanca Memorial Open B"]
[Site "Havana CUB"]
[Date "2011.05.17"]
[Round "6.42"]
[White "Cabrera Ladron de Guevara, Maira"]
[Black "Zayas Sosa, Alfredo"]
[Result "0-1"]
[WhiteElo "2022"]
[BlackElo "2217"]
[WhiteFideId "3510670"]
[BlackFideId "3511820"]
[EventDate "2011.05.11"]

1. d4 Nf6 2. c4 c5 3. Nf3 cxd4 4. Qxd4 Nc6 5. Qd1 e6 6. g3 Qb6 7. Qb3 Bb4+ 8.
Nbd2 Ne4 9. e3 O-O 10. Bg2 Qa5 11. Qc2 Qf5 12. Qd1 Bxd2+ 13. Bxd2 Ne5 14. Bb4
Re8 15. Rc1 Nxf2 16. Kxf2 Nd3+ 17. Kg1 Nxb4 18. Qd2 Nc6 19. h3 d5 20. Kh2 dxc4
21. Rxc4 e5 22. Rf1 Qe6 23. Qc2 Qe7 24. Nh4 Be6 25. Nf5 Bxf5 26. Rxf5 g6 27. Rf2
Qe6 28. a3 Rac8 29. Rc5 e4 30. Rf4 f5 31. g4 Ne5 32. gxf5 gxf5 33. Bf1 Kh8 34.
Qc3 Rxc5 35. Qxc5 b6 36. Qd4 Qf6 37. Bg2 Qe6 38. Rf1 Kg8 39. Qa4 Re7 40. Rg1 0-1

[Event "46th Capablanca Memorial Open B"]
[Site "Havana CUB"]
[Date "2011.05.17"]
[Round "6.43"]
[White "Gabriel Vargas, Carlos"]
[Black "Vega Cordovilla, Maria Jose"]
[Result "1-0"]
[WhiteElo "2214"]
[BlackElo "1901"]
[WhiteFideId "3503046"]
[BlackFideId "3604527"]
[EventDate "2011.05.11"]

1. e4 c5 2. Nc3 Nc6 3. f4 d6 4. Nf3 g6 5. Bb5 Bg7 6. O-O Nh6 7. Qe1 O-O 8. Bxc6
bxc6 9. d3 Qb6 10. Kh1 Bd7 11. f5 Ng4 12. Qh4 Nf6 13. Ng5 h6 14. Nxf7 Kxf7 15.
fxg6+ Ke8 16. e5 dxe5 17. Ne4 Nxe4 18. Rxf8+ Bxf8 19. dxe4 Be6 20. Qh5 Bg7 21.
b3 Qb4 22. Bxh6 Qxe4 23. Bxg7 Bd5 24. Rg1 Kd7 25. c4 Rg8 26. Bxe5 Be6 27. g7 Kc8
28. Qg5 Re8 29. Bg3 Bg8 30. Qxc5 e5 31. Re1 Qg6 32. Qxa7 1-0

[Event "46th Capablanca Memorial Open B"]
[Site "Havana CUB"]
[Date "2011.05.17"]
[Round "6.44"]
[White "Valdivia Pena, Yaima"]
[Black "De La Torre Morales, Julio D."]
[Result "1/2-1/2"]
[WhiteTitle "WFM"]
[WhiteElo "2021"]
[BlackElo "2119"]
[WhiteFideId "3514110"]
[BlackFideId "3506517"]
[EventDate "2011.05.11"]

1. e4 Nf6 2. e5 Nd5 3. d4 d6 4. c4 Nb6 5. exd6 exd6 6. Nc3 Be7 7. h3 O-O 8. Nf3
Re8 9. Be2 Bf5 10. O-O Bf6 11. Bd3 Bxd3 12. Qxd3 Nc6 13. a3 Na5 14. Nd2 d5 15.
cxd5 Nxd5 16. Nde4 Nb3 17. Nxd5 Qxd5 18. Nxf6+ gxf6 19. Bh6 Kh8 20. Rad1 Rad8
21. Rfe1 Rg8 22. Qe4 Nxd4 23. Qxd5 Rxd5 24. Kf1 Rd7 25. Re4 c5 26. g4 Rgd8 27.
Rde1 a6 28. f4 b5 29. f5 1/2-1/2

[Event "46th Capablanca Memorial Open B"]
[Site "Havana CUB"]
[Date "2011.05.17"]
[Round "6.45"]
[White "Andraca Perera, Jose Raul"]
[Black "Perez De Leon, Roberto"]
[Result "1-0"]
[WhiteElo "2020"]
[BlackElo "2096"]
[WhiteFideId "3505936"]
[BlackFideId "3512851"]
[EventDate "2011.05.11"]

1. d4 d5 2. Nc3 Nf6 3. Bg5 e6 4. Qd2 Bb4 5. a3 Be7 6. f3 Nfd7 7. Bxe7 Qxe7 8. e3
b6 9. Nh3 Bb7 10. O-O-O Nf6 11. Re1 Nbd7 12. e4 dxe4 13. fxe4 O-O-O 14. Bd3 Nf8
15. d5 Ng6 16. Nb5 Kb8 17. Nd4 Qc5 18. c3 exd5 19. e5 Ne4 20. Bxe4 dxe4 21. Ng5
Nxe5 22. Nxe4 Bxe4 23. Rxe4 Qd5 24. Rxe5 Qc4 25. Rhe1 1-0

[Event "46th Capablanca Memorial Open B"]
[Site "Havana CUB"]
[Date "2011.05.17"]
[Round "6.46"]
[White "Martin Campos, Beatriz Josefa"]
[Black "Gutierrez Espinosa, Karen"]
[Result "0-1"]
[BlackTitle "WFM"]
[WhiteElo "2020"]
[BlackElo "2094"]
[WhiteFideId "3506495"]
[BlackFideId "3513238"]
[EventDate "2011.05.11"]

1. e4 c5 2. Nf3 d6 3. c3 Nf6 4. Be2 g6 5. O-O Bg7 6. Qc2 O-O 7. d4 cxd4 8. cxd4
d5 9. e5 Bf5 10. Bd3 Bxd3 11. Qxd3 Ne4 12. Nc3 Nxc3 13. bxc3 Nc6 14. Re1 Na5 15.
Nd2 Rc8 16. Ba3 Nc4 17. Nxc4 Rxc4 18. Rab1 b6 19. Rb4 Rxb4 20. Bxb4 Qc7 21. Rc1
Rc8 22. Qa6 Bf8 23. Re1 Qb8 24. Re3 Rc4 25. h4 Qc7 26. Rg3 Bh6 27. Qa3 e6 28.
Bd6 Qd7 29. h5 Qa4 30. Qb3 Qxb3 31. axb3 Rc8 32. hxg6 hxg6 33. Be7 Bd2 34. Rh3
Rxc3 35. g3 f5 36. exf6 Rxb3 37. Kg2 Bb4 38. Bd8 Bf8 39. Rh1 a5 40. Rc1 Kf7 41.
Rc6 a4 42. Bxb6 a3 43. Bd8 a2 44. Ra6 Ra3 0-1

[Event "46th Capablanca Memorial Open B"]
[Site "Havana CUB"]
[Date "2011.05.17"]
[Round "6.49"]
[White "Rama Gonzalez, Ricardo"]
[Black "Gates, David A"]
[Result "1-0"]
[WhiteElo "2076"]
[BlackElo "1706"]
[WhiteFideId "3504360"]
[BlackFideId "415723"]
[EventDate "2011.05.11"]

1. e4 c6 2. d4 d5 3. Nc3 dxe4 4. Nxe4 Bf5 5. Qf3 Bxe4 6. Qxe4 Nf6 7. Qd3 e6 8.
Nf3 Bd6 9. Be2 Nbd7 10. O-O Qc7 11. b3 h6 12. Bb2 Nd5 13. g3 h5 14. c4 N5f6 15.
c5 Be7 16. Ne5 Nxe5 17. dxe5 Nd5 18. Qc4 h4 19. b4 hxg3 20. hxg3 O-O-O 21. Kg2
Bg5 22. Rh1 Bh6 23. a4 Ne7 24. b5 Rd2 25. Bc3 Rd7 26. b6 axb6 27. cxb6 Qxb6 28.
a5 Qc7 29. a6 bxa6 30. Rxa6 Kd8 31. Ba5 1-0

[Event "46th Capablanca Memorial Open B"]
[Site "Havana CUB"]
[Date "2011.05.17"]
[Round "6.50"]
[White "Bolanos, Cristian"]
[Black "Perez Bohigas, Lays Monica"]
[Result "1-0"]
[WhiteElo "1905"]
[BlackElo "2056"]
[WhiteFideId "3603075"]
[BlackFideId "3510964"]
[EventDate "2011.05.11"]

1. e4 e5 2. Bc4 Nf6 3. d3 c6 4. Nf3 d5 5. exd5 cxd5 6. Bb5+ Bd7 7. Bxd7+ Nbxd7
8. O-O Bc5 9. d4 Bxd4 10. Nxd4 exd4 11. Re1+ Kf8 12. Qxd4 Qb6 13. Be3 Re8 14.
Nd2 Re6 15. Nb3 Qxd4 16. Nxd4 Re8 17. Nb5 Rc8 18. c3 a6 19. Nd6 Rc7 20. Bd4 b5
21. a4 Rc6 22. Nf5 Re6 23. axb5 axb5 24. Ra8+ 1-0

[Event "46th Capablanca Memorial Open B"]
[Site "Havana CUB"]
[Date "2011.05.17"]
[Round "6.52"]
[White "Sanchez Ones, Yenis"]
[Black "Rodriguez Gomez, Juan Alberto"]
[Result "1-0"]
[WhiteElo "2010"]
[BlackElo "1969"]
[WhiteFideId "3514099"]
[BlackFideId "3517420"]
[EventDate "2011.05.11"]

1. e4 c5 2. Nf3 a6 3. d4 cxd4 4. Nxd4 Nf6 5. Nc3 d6 6. Be2 Bd7 7. O-O Nc6 8. Be3
b5 9. a3 e6 10. f4 Be7 11. Bf3 Rc8 12. Qe1 O-O 13. Qg3 Ne8 14. Rad1 Bh4 15. Nxc6
Rxc6 16. Qh3 Rc4 17. e5 d5 18. Be2 Be7 19. Bxc4 bxc4 20. Qf3 g6 21. f5 Qc8 22.
Bh6 Bc5+ 23. Kh1 d4 24. Bxf8 Bc6 25. Qh3 Bxf8 26. fxe6 fxe6 27. Rxd4 Ng7 28. Ne4
Bxe4 29. Rxe4 Nf5 30. Qf3 Ng3+ 31. hxg3 1-0

[Event "46th Capablanca Memorial Open B"]
[Site "Havana CUB"]
[Date "2011.05.18"]
[Round "7.5"]
[White "Garcia Matos, Richard A."]
[Black "Ragolta Franco, Eduardo"]
[Result "1/2-1/2"]
[BlackTitle "FM"]
[WhiteElo "2196"]
[BlackElo "2247"]
[WhiteFideId "3511090"]
[BlackFideId "3505910"]
[EventDate "2011.05.11"]

1. Nf3 Nf6 2. c4 e6 3. g3 b6 4. Bg2 Bb7 5. O-O c5 6. Nc3 Be7 7. d4 cxd4 8. Nxd4
Bxg2 9. Kxg2 Qc8 10. Qd3 Nc6 11. b3 Qb7 12. f3 Ne5 13. Qe3 Ng6 14. Bb2 h5 15.
Ne4 Nxe4 16. Qxe4 Qxe4 17. fxe4 Bf6 18. Rxf6 gxf6 19. Nb5 O-O 20. Bxf6 Rfc8 21.
a4 a6 22. Nd6 Rc6 23. e5 Ra7 24. Kf3 Rc5 25. Ke4 Rac7 26. Rd1 Ra5 27. h4 Rcc5
28. b4 Rxe5+ 29. Bxe5 Rxe5+ 30. Kf3 Ne7 31. e4 a5 32. c5 axb4 33. cxb6 Rc5 34.
b7 Nc6 35. Rb1 Rc3+ 36. Kg2 b3 37. a5 Nb8 38. Nb5 Rc2+ 39. Kh3 Ra2 40. Rxb3 Rxa5
41. Nd6 Kf8 42. Rc3 Ke7 43. Nc8+ Kd8 44. Nd6 Ke7 45. Nc8+ Kd8 46. Nd6 1/2-1/2

[Event "46th Capablanca Memorial Open B"]
[Site "Havana CUB"]
[Date "2011.05.18"]
[Round "7.7"]
[White "Ramos Pineiro, Alexis"]
[Black "Gomez Arnau, Reinerio"]
[Result "1/2-1/2"]
[WhiteTitle "FM"]
[WhiteElo "2280"]
[BlackElo "2209"]
[WhiteFideId "3503135"]
[BlackFideId "3506223"]
[EventDate "2011.05.11"]

1. e4 d5 2. exd5 Nf6 3. Nf3 Nxd5 4. d4 Bg4 5. Be2 e6 6. O-O Be7 7. c4 Nf6 8. Qb3
Qc8 9. Nc3 O-O 10. Bg5 Nbd7 11. h3 Bh5 12. g4 Bg6 13. Nh4 Re8 14. Nxg6 hxg6 15.
Bf3 c6 16. Bf4 Bd8 17. Rfe1 Bc7 18. Bg5 Rb8 19. Re2 Nh7 20. Be3 Qd8 21. Bg2 Qh4
22. f4 g5 23. Bf2 Qh6 24. fxg5 Qxg5 25. Ne4 Qg6 26. Bg3 Bxg3 27. Nxg3 1/2-1/2

[Event "46th Capablanca Memorial Open B"]
[Site "Havana CUB"]
[Date "2011.05.18"]
[Round "7.8"]
[White "Li Torres, Manuel Eugenio"]
[Black "Gonzalez Gomez, Ronier"]
[Result "1-0"]
[WhiteTitle "FM"]
[WhiteElo "2251"]
[BlackElo "2196"]
[WhiteFideId "3500489"]
[BlackFideId "3503763"]
[EventDate "2011.05.11"]

1. e4 c6 2. d4 d5 3. e5 Bf5 4. Nd2 e6 5. Nb3 Nd7 6. Ne2 h5 7. Ng3 Bg4 8. Be2
Bxe2 9. Qxe2 h4 10. Nf1 Nh6 11. Ne3 Be7 12. O-O Nf8 13. f4 Qd7 14. Bd2 Nf5 15.
a4 Ng6 16. Rf2 O-O-O 17. a5 Kb8 18. a6 b6 19. c4 dxc4 20. Qxc4 Nxe3 21. Bxe3 f5
22. Rc2 Rc8 23. Rac1 h3 24. g3 Qd5 25. Qxd5 cxd5 26. Rc6 Rxc6 27. Rxc6 Nf8 28.
Nd2 g6 29. Nb1 Bb4 30. Nc3 Bxc3 31. Rxc3 Rh7 32. Kf2 Rc7 33. Bd2 Rxc3 34. Bxc3
Kc7 35. g4 1-0

[Event "46th Capablanca Memorial Open B"]
[Site "Havana CUB"]
[Date "2011.05.18"]
[Round "7.11"]
[White "Pacey, Kevin"]
[Black "Agra Caballero, Ariel"]
[Result "1/2-1/2"]
[WhiteElo "2169"]
[BlackElo "2229"]
[WhiteFideId "2600455"]
[BlackFideId "3503577"]
[EventDate "2011.05.11"]

1. e4 Nf6 2. Nc3 d5 3. exd5 Nxd5 4. Qf3 Nf6 5. Ne4 Nbd7 6. Nxf6+ Nxf6 7. Bc4 g6
8. Qb3 e6 9. Nf3 Bg7 10. d4 O-O 11. O-O b6 12. Bf4 Bb7 13. Rad1 Ne4 14. d5 exd5
15. Bxd5 Bxd5 16. Rxd5 Qc8 17. Be5 Nf6 18. Rdd1 c5 19. Rfe1 Qf5 20. Qd3 Qxd3 21.
Rxd3 Rad8 22. Red1 Rxd3 23. Rxd3 Re8 24. Kf1 1/2-1/2

[Event "46th Capablanca Memorial Open B"]
[Site "Havana CUB"]
[Date "2011.05.18"]
[Round "7.13"]
[White "Macias Velazquez, Marlies"]
[Black "Pinero, Carlos"]
[Result "1-0"]
[WhiteElo "2214"]
[BlackElo "2027"]
[WhiteFideId "3507793"]
[BlackFideId "3901726"]
[EventDate "2011.05.11"]

1. e4 c5 2. Nc3 e6 3. Qe2 Nc6 4. Nf3 a6 5. g3 Be7 6. Bg2 g5 7. h3 h5 8. d3 d6 9.
Be3 e5 10. Nd5 f6 11. c3 Be6 12. Qc2 Nh6 13. Qd2 O-O 14. h4 Ng4 15. hxg5 f5 16.
Rxh5 Nxe3 17. Qxe3 Bf7 18. Rh6 Kg7 19. O-O-O Bxg5 20. Nxg5 f4 21. Rh7+ Kg6 22.
gxf4 Bxd5 23. exd5 Rxf4 24. dxc6 1-0

[Event "46th Capablanca Memorial Open B"]
[Site "Havana CUB"]
[Date "2011.05.18"]
[Round "7.15"]
[White "Fonte Sanchez, Paula"]
[Black "Hernandez Copin, Elvis"]
[Result "1-0"]
[WhiteElo "2012"]
[BlackElo "2244"]
[WhiteFideId "3509729"]
[BlackFideId "3506258"]
[EventDate "2011.05.11"]

1. Nf3 c5 2. g3 d5 3. d3 Nf6 4. Nbd2 Nc6 5. Bg2 e6 6. O-O Be7 7. e4 O-O 8. Re1
Re8 9. e5 Nd7 10. c3 Qc7 11. d4 cxd4 12. cxd4 Nb4 13. Re3 Qc2 14. Qf1 Qg6 15.
Ne1 Nc6 16. Nef3 b6 17. a3 f6 18. exf6 Bxf6 19. Nb3 Bb7 20. Bh3 Nf8 21. Qe2 Qf7
22. Bd2 a5 23. Bc3 Ba6 24. Qe1 Bc8 25. Bf1 Bd7 26. Nc1 Ne7 27. Nd3 Neg6 28. Nde5
Bxe5 29. Nxe5 Nxe5 30. Rxe5 Ng6 31. Re2 Ne7 32. a4 Nc8 33. Bg2 Nd6 34. b3 Rac8
35. Rc1 Qh5 36. f4 Qg6 37. Re3 Rc6 38. Bf1 Rec8 39. Bd3 Qf6 40. Re5 g6 41. Ba6
R8c7 42. Bd3 Rc8 43. Bb5 Nxb5 44. axb5 Rd6 1-0

[Event "46th Capablanca Memorial Open B"]
[Site "Havana CUB"]
[Date "2011.05.18"]
[Round "7.17"]
[White "Rey Rodriguez, Yosvani"]
[Black "Diaz Perez, Michel Alejandro"]
[Result "0-1"]
[WhiteElo "2143"]
[BlackElo "2240"]
[WhiteFideId "3514749"]
[BlackFideId "3517179"]
[EventDate "2011.05.11"]

1. c4 e5 2. Nc3 Nf6 3. e3 Bb4 4. Qb3 Nc6 5. g3 Bxc3 6. bxc3 e4 7. Ba3 d6 8. f3
O-O 9. Bg2 Ne5 10. fxe4 Be6 11. Bf1 Nxe4 12. d3 Qf6 13. dxe4 Nf3+ 14. Kd1 Nxg1
15. Kd2 Qf2+ 16. Kd3 Nf3 17. Be2 Ne5+ 18. Kd4 c5+ 0-1

[Event "46th Capablanca Memorial Open B"]
[Site "Havana CUB"]
[Date "2011.05.18"]
[Round "7.19"]
[White "Hernandez Sotelo, Jose I."]
[Black "Ordunez Echarte, Dennys"]
[Result "0-1"]
[BlackTitle "FM"]
[WhiteElo "2140"]
[BlackElo "2195"]
[WhiteFideId "3508803"]
[BlackFideId "3512207"]
[EventDate "2011.05.11"]

1. e4 Nc6 2. Nf3 d6 3. Bb5 Bd7 4. d4 Nf6 5. Nc3 e5 6. O-O exd4 7. Nxd4 g6 8. Bg5
Bg7 9. Bxc6 bxc6 10. Qf3 h6 11. e5 hxg5 12. exf6 Qxf6 13. Rfe1+ Kf8 14. Qxf6
Bxf6 15. Rad1 Rb8 16. Ne4 Be5 17. Nf3 Bxb2 18. Nexg5 Bf5 19. Re3 Bxc2 20. Rde1
Bf6 21. Ra3 Rb5 0-1

[Event "46th Capablanca Memorial Open B"]
[Site "Havana CUB"]
[Date "2011.05.18"]
[Round "7.21"]
[White "Munos, Rolando"]
[Black "Fernandez Guillen, Ernesto J."]
[Result "1/2-1/2"]
[WhiteElo "2108"]
[BlackElo "2149"]
[WhiteFideId "3505405"]
[BlackFideId "3512428"]
[EventDate "2011.05.11"]

1. c4 Nf6 2. Nc3 e5 3. g3 c6 4. Bg2 Bb4 5. Qb3 Qe7 6. Nf3 Na6 7. a3 Ba5 8. O-O
O-O 9. d3 h6 10. Nh4 Rd8 11. e4 Bxc3 12. Nf5 Qe8 13. Qxc3 d5 14. f4 dxe4 15.
dxe4 Bxf5 16. exf5 e4 17. h3 Rd3 18. Qe1 Qd7 19. Be3 h5 20. Qf2 Qxf5 21. Bxa7 c5
22. Bb6 Qe6 23. Ba5 Qxc4 24. Rfe1 Re8 1/2-1/2

[Event "46th Capablanca Memorial Open B"]
[Site "Havana CUB"]
[Date "2011.05.18"]
[Round "7.23"]
[White "Salgado Segui, Roberto"]
[Black "Alvarez Leyva, Harold"]
[Result "1-0"]
[WhiteElo "2243"]
[BlackElo "2131"]
[WhiteFideId "3511782"]
[BlackFideId "3509893"]
[EventDate "2011.05.11"]

1. e4 c5 2. c3 d5 3. exd5 Qxd5 4. d4 Nc6 5. Nf3 Bg4 6. Be2 e6 7. O-O Nf6 8. Be3
cxd4 9. cxd4 Qd7 10. Nc3 Bd6 11. a3 O-O 12. b4 Rac8 13. Qb3 Rfd8 14. Rfd1 Bxf3
15. Bxf3 Ne7 16. Rac1 Bb8 17. Bg5 Nf5 18. d5 Qd6 19. g3 e5 20. Ne4 Qe7 21. Rxc8
Rxc8 22. Bxf6 gxf6 23. Bg4 Nd4 24. Qe3 f5 25. Qh6 f6 26. Nxf6+ Kh8 27. Rxd4 exd4
28. Bxf5 Rc3 29. Nxh7 Qg7 30. Qh4 1-0

[Event "46th Capablanca Memorial Open B"]
[Site "Havana CUB"]
[Date "2011.05.18"]
[Round "7.24"]
[White "Fernandez Mayola, Reynold Rafael"]
[Black "Infante Machin, Brian Jose"]
[Result "0-1"]
[WhiteElo "2131"]
[BlackElo "2205"]
[WhiteFideId "3506100"]
[BlackFideId "3512134"]
[EventDate "2011.05.11"]

1. d4 Nf6 2. c4 e6 3. Nf3 c5 4. d5 exd5 5. cxd5 d6 6. Nc3 g6 7. Bf4 a6 8. a4 Bg7
9. e4 O-O 10. Nd2 Re8 11. Be2 Qc7 12. O-O Nbd7 13. Bg3 Rb8 14. Kh1 Ne5 15. h3 g5
16. Bxe5 Rxe5 17. Nf3 Re8 18. e5 dxe5 19. Nxg5 h6 20. Nge4 Nxe4 21. Nxe4 f5 22.
Nc3 Qd6 23. a5 e4 24. f4 b5 25. axb6 Rxb6 26. Qc2 Bd4 27. Ra3 Kh8 28. Bc4 Rg8
29. Nd1 Qg6 30. Rb3 Rxb3 31. Bxb3 Qg3 32. Bc4 Rg4 33. Qd2 Rh4 34. Re1 Rxf4 35.
d6 e3 36. Qe2 Re4 37. Qf1 e2 38. Rxe2 Be5 0-1

[Event "46th Capablanca Memorial Open B"]
[Site "Havana CUB"]
[Date "2011.05.18"]
[Round "7.27"]
[White "Marzo Arias, Valentin"]
[Black "Lopez Rippel, Ricardo"]
[Result "1/2-1/2"]
[WhiteElo "2183"]
[BlackElo "2062"]
[WhiteFideId "3506916"]
[BlackFideId "3514617"]
[EventDate "2011.05.11"]

1. e4 c5 2. Nc3 Nc6 3. f4 d6 4. Bc4 e5 5. Nf3 Be7 6. d3 Nf6 7. f5 h6 8. a3 a6 9.
O-O b5 10. Ba2 Bb7 11. h3 Nd4 12. Be3 Rc8 13. Bxd4 cxd4 14. Ne2 Qc7 15. Rc1 d5
16. c3 dxc3 17. Nxc3 dxe4 18. dxe4 O-O 19. Nd5 Qd6 20. Nxf6+ Qxf6 21. Qe2 Rfd8
22. Kh1 b4 23. axb4 Bxb4 24. Rxc8 Bxc8 1/2-1/2

[Event "46th Capablanca Memorial Open B"]
[Site "Havana CUB"]
[Date "2011.05.18"]
[Round "7.30"]
[White "Montilla, Jorcerys"]
[Black "Gomez Torres, Richard Daniel"]
[Result "0-1"]
[WhiteElo "1986"]
[BlackElo "2151"]
[WhiteFideId "3900517"]
[BlackFideId "3518396"]
[EventDate "2011.05.11"]

1. d4 Nf6 2. c4 g6 3. Nc3 Bg7 4. e4 d6 5. f4 c5 6. d5 O-O 7. Nf3 e6 8. dxe6 Bxe6
9. Bd3 Nc6 10. f5 Bd7 11. O-O Ng4 12. Bg5 f6 13. Bf4 Nge5 14. fxg6 hxg6 15. Nxe5
dxe5 16. Be3 Nd4 17. Qd2 f5 18. Bg5 Bf6 19. Bxf6 Qxf6 20. Nd5 Qg7 21. Qg5 Rf7
22. b4 cxb4 23. Nxb4 Rc8 24. Rab1 f4 25. Nd5 Ne6 26. Qh4 g5 27. Qf2 Nc5 28. Bc2
g4 29. Qd2 b6 30. Ra1 Ne6 31. Qb4 Nd4 32. Bd3 Rc6 33. Rfc1 g3 34. hxg3 fxg3 35.
Qd2 Rh6 0-1

[Event "46th Capablanca Memorial Open B"]
[Site "Havana CUB"]
[Date "2011.05.18"]
[Round "7.31"]
[White "Castro, Jose Luis"]
[Black "Ajete Alberdi, Jose Serafin"]
[Result "1-0"]
[WhiteElo "2133"]
[BlackElo "2008"]
[WhiteFideId "3901831"]
[BlackFideId "3505731"]
[EventDate "2011.05.11"]

1. e4 Nc6 2. Nf3 g6 3. d4 Bg7 4. Nc3 d6 5. Be3 f5 6. Bc4 Na5 7. Bd3 Nh6 8. Bxh6
Bxh6 9. exf5 Bxf5 10. Bxf5 gxf5 11. Nh4 Kd7 12. Qh5 Qf8 13. Nxf5 Bf4 14. g3 1-0

[Event "46th Capablanca Memorial Open B"]
[Site "Havana CUB"]
[Date "2011.05.18"]
[Round "7.35"]
[White "Brito Valdes, Santiago Jose"]
[Black "Reyes Betancourt,  Ahmed"]
[Result "0-1"]
[WhiteElo "1958"]
[BlackElo "2128"]
[WhiteFideId "3515478"]
[BlackFideId "3509168"]
[EventDate "2011.05.11"]

1. e4 e5 2. Bc4 Nf6 3. Qe2 Nc6 4. Nf3 h6 5. c3 d6 6. d3 Be7 7. O-O O-O 8. Rd1
Be6 9. Bb5 Bg4 10. h3 Bh5 11. Nbd2 Nh7 12. Nf1 Ng5 13. Bxg5 Bxg5 14. Ng3 Bg6 15.
Nxg5 Qxg5 16. Rd2 Ne7 17. Bc4 Kh7 18. Re1 f5 19. exf5 Bxf5 20. Nxf5 Rxf5 21. Bb3
Ng6 22. Kh1 Raf8 23. d4 Nf4 24. Qf1 Nxh3 25. gxh3 Qxd2 26. Re2 Qf4 27. Bc2 exd4 0-1

[Event "46th Capablanca Memorial Open B"]
[Site "Havana CUB"]
[Date "2011.05.18"]
[Round "7.39"]
[White "Lopez Gonzalez, Abel Fabian"]
[Black "Mencos, Claudia"]
[Result "1/2-1/2"]
[BlackTitle "WIM"]
[WhiteElo "2049"]
[BlackElo "1972"]
[WhiteFideId "3512673"]
[BlackFideId "7300573"]
[EventDate "2011.05.11"]

1. e4 c5 2. Nc3 e6 3. g3 a6 4. Bg2 Nc6 5. d3 Nf6 6. h3 Qc7 7. f4 d6 8. Nf3 Rb8
9. Be3 b5 10. O-O Be7 11. g4 h6 12. Qd2 b4 13. Ne2 a5 14. e5 Nd7 15. Ng3 a4 16.
c3 Ba6 17. Rf2 Qb6 18. d4 bxc3 19. bxc3 dxe5 20. fxe5 cxd4 21. Nxd4 Nxd4 22.
Bxd4 Bc5 23. Bf1 Bxf1 24. Raxf1 1/2-1/2

[Event "46th Capablanca Memorial Open B"]
[Site "Havana CUB"]
[Date "2011.05.18"]
[Round "7.40"]
[White "Mercantete Rodriguez, Edilberto"]
[Black "Andraca Perera, Jose Raul"]
[Result "1-0"]
[WhiteElo "2101"]
[BlackElo "2020"]
[WhiteFideId "3503755"]
[BlackFideId "3505936"]
[EventDate "2011.05.11"]

1. e4 e6 2. Nc3 d5 3. d3 Nf6 4. Bg5 Be7 5. e5 Nfd7 6. Bxe7 Qxe7 7. d4 a6 8. Qg4
f5 9. Qg3 Nb6 10. f4 Bd7 11. Nf3 Nc6 12. a3 Na5 13. Nd2 Nac4 14. O-O-O Bb5 15.
Nb3 O-O 16. Bd3 Na4 17. Nxa4 Bxa4 18. Nc5 Bc6 19. Qf2 b6 20. Nb3 a5 21. Rhg1 a4
22. Nd2 Nxa3 23. bxa3 Qxa3+ 24. Kb1 Ra5 25. Qe2 b5 26. Nf3 b4 27. Qd2 b3 28.
Qxa5 Rb8 29. Qc3 Qa2+ 30. Kc1 1-0